<?xml version="1.0" encoding="UTF-8"?>
<collection xmlns="http://www.loc.gov/MARC21/slim">
    <record>
        <controlfield tag="001">9896</controlfield>
        <controlfield tag="005">20190219123655.0</controlfield>
        <datafield tag="037" ind1=" " ind2=" ">
            <subfield code="a">TESIS-2012-131</subfield>
        </datafield>
        <datafield tag="041" ind1=" " ind2=" ">
            <subfield code="a">spa</subfield>
        </datafield>
        <datafield tag="080" ind1=" " ind2=" ">
            <subfield code="a">616.8</subfield>
        </datafield>
        <datafield tag="100" ind1="1" ind2=" ">
            <subfield code="a">Lobo Escolar, Antonio</subfield>
        </datafield>
        <datafield tag="245" ind1="0" ind2="0">
            <subfield code="a">Morbilidad psíquica y somática en una población general geriátrica</subfield>
            <subfield code="b">Distribución, características y estudio de asociación</subfield>
        </datafield>
        <datafield tag="260" ind1=" " ind2=" ">
            <subfield code="a">Zaragoza</subfield>
            <subfield code="b">Universidad de Zaragoza, Prensas de la Universidad</subfield>
            <subfield code="c">2008</subfield>
        </datafield>
        <datafield tag="300" ind1=" " ind2=" ">
            <subfield code="a">220</subfield>
        </datafield>
        <datafield tag="490" ind1="0" ind2=" ">
            <subfield code="a">Tesis de la Universidad de Zaragoza</subfield>
            <subfield code="v">2012-57</subfield>
            <subfield code="x">2254-7606</subfield>
        </datafield>
        <datafield tag="500" ind1=" " ind2=" ">
            <subfield code="a">Presentado:  12 06 2008</subfield>
        </datafield>
        <datafield tag="502" ind1=" " ind2=" ">
            <subfield code="a">Tesis-Univ. Zaragoza, Medicina, Psiquiatría y Dermatología, 2008</subfield>
            <subfield code="b">Zaragoza, Universidad de Zaragoza</subfield>
            <subfield code="c">2008</subfield>
        </datafield>
        <datafield tag="506" ind1=" " ind2=" ">
            <subfield code="a">by-nc-nd</subfield>
            <subfield code="b">Creative Commons</subfield>
            <subfield code="c">3.0</subfield>
            <subfield code="u">https://creativecommons.org/licenses/by-nc-nd/3.0/</subfield>
        </datafield>
        <datafield tag="520" ind1=" " ind2=" ">
            <subfield code="a">Estudio transversal sobre una muestra (n=4803) individuos representativos de la población mayor de 55 años de zaragoza Objetivo: demostrar una asociación positiva y estadísticamente significativa de morbilidad psíquica y de morbilidad somática Metodología: Instrumentos Detección de patología cognoscitiva: examen cognoscitivo minimental Detección morbilidad psíquica: geriatric mental state (gms-b), history and aetiology schedule (has), sistema computerizado agecat Detección de morbilidad somática: cuestionario eurodemp de detección de morbilidad somática Análisis estadístico: 1.estudio descriptivo, 2. Análisis bivariante para comprobación de la asociación de morbilidad psíquica y somática, 3. Análisis multivariante de regresión logística ajustado por diferentes variables sociodemograficas y de morbilidad somática para ver el peso específico de determinadas enfermedades o variables como predictoras de morbiiidad psíquica. Resultados: 81% de morbilidad somática, con más de la mitad de estos casos padeciendo sólo 1 enfermedad somática. Prevalencia de hipertensión arteria de 61,7%, diabetes mellitus de 8,7 % y de ictus de 6,7%. Predominio en mujer de nia, diabetes y patología tiroidea; y en varón de ictus, ángor e infarto de miocardio. Aumento de la prevalencia de las enfermedades somáticas, pero descenso en el estrato etario de >85 en la mayoría de categorías. Prevalencia de morbilidad psíquica del 20%, pero incluyendo subcasos del 54%. Patología psíquica más prevalente entre los casos: depresión 11,5%, seguida de demencia 6,7%. Patología más prevalente entre los subcasos: ansiedad 22% . Comorbilidad psíquica-somática del 44,5% y sólo 9,4% de sanos. Se demuestra asociación positiva y estadísticamente significativa entre morbilidad psíquica y somática, que se ve reforzada si se excluye la hipertensión del análisis. Se objetiva asociación significativa en análisis multivariante controlado por diferentes variables de morbilidad somática, sexo femenino, edad y bajo nivel educativo con morbilidad psíquica. Las patologías que más peso tuvieron en relación con la morbilidad psíquica fueron el ictus y la patología tiroidea Conclusiones Este es el primer estudio sobre población general geriátrica que demuestra la asociación entre morbilidad psíquica y somática, confirmando las clásicas hipótesis del "clustering" o de asociación de morbilidades en determinados individuos vulnerables, mientras otro sector de la población permanece sano.</subfield>
        </datafield>
        <datafield tag="653" ind1="1" ind2=" ">
            <subfield code="a">comorbilidad</subfield>
        </datafield>
        <datafield tag="653" ind1="1" ind2=" ">
            <subfield code="a">geriátrica</subfield>
        </datafield>
        <datafield tag="653" ind1="1" ind2=" ">
            <subfield code="a">población general</subfield>
        </datafield>
        <datafield tag="653" ind1="1" ind2=" ">
            <subfield code="a">psíquica</subfield>
        </datafield>
        <datafield tag="653" ind1="1" ind2=" ">
            <subfield code="a">somática</subfield>
        </datafield>
        <datafield tag="653" ind1="1" ind2=" ">
            <subfield code="a">clustering</subfield>
        </datafield>
        <datafield tag="653" ind1="1" ind2=" ">
            <subfield code="a">análisis multivariante</subfield>
        </datafield>
        <datafield tag="700" ind1=" " ind2=" ">
            <subfield code="a">Lobo Satué, Antonio</subfield>
            <subfield code="e">dir.</subfield>
        </datafield>
        <datafield tag="700" ind1=" " ind2=" ">
            <subfield code="a">Saz Muñoz, Pedro</subfield>
            <subfield code="e">dir.</subfield>
        </datafield>
        <datafield tag="710" ind1="2" ind2=" ">
            <subfield code="a">Universidad de Zaragoza</subfield>
            <subfield code="b">Medicina, Psiquiatría y Dermatología</subfield>
        </datafield>
        <datafield tag="856" ind1="0" ind2=" ">
            <subfield code="f">zaguan@unizar.es</subfield>
        </datafield>
        <datafield tag="856" ind1="4" ind2=" ">
            <subfield code="s">1765713</subfield>
            <subfield code="u">http://zaguan.unizar.es/record/9896/files/TESIS-2012-131.pdf</subfield>
            <subfield code="z">Texto completo (spa)</subfield>
        </datafield>
        <datafield tag="909" ind1="C" ind2="O">
            <subfield code="o">oai:zaguan.unizar.es:9896</subfield>
            <subfield code="p">driver</subfield>
        </datafield>
        <datafield tag="909" ind1="c" ind2="o">
            <subfield code="p">tesis</subfield>
        </datafield>
        <datafield tag="910" ind1="2" ind2=" ">
            <subfield code="a">Medicina y especialidades médicas</subfield>
            <subfield code="b">Medicina, Psiquiatría y Dermatología</subfield>
        </datafield>
        <datafield tag="980" ind1=" " ind2=" ">
            <subfield code="a">TESIS</subfield>
        </datafield>
    </record>

    
</collection>